000
00260nam a2200109Ia 4500
005
20251222152018.0
008
251222s9999||||xx |||||||||||||| ||spa||
082
_a
630.201.85/M61/10
245
0
_a
EstadÃstica agraria mensual
264
_b
Paidés
942
_c
LIB
999
_c
25187
_d
25187